000 00702nam a2200253Ia 4500
003 OSt
005 20220926015354.0
006 a|||||r|||| 00| 0
007 ta
008 220923b |||||||| |||| 00| 0 eng d
020 _a0195022785
037 _cGeneral Book
040 _aRTL
_cRTL
_beng
041 _2eng
_aeng
082 _aS8x, L8
100 _aSchellenberg James A
_989532
245 0 _aMaster of social psychology
_b Freud, Mead, Lewin a
260 _aNew York
_bOxford University Press USA
_c1978
300 _ax,141p.
_ccm.
500 _aBib p 133-6
650 _aPsychology
942 _hS8x, L8
_cGB
_2CC
999 _c631305
_d631305